00432nam a2200157 a 4500008004100000020001500041050001900056100002500075245002400100246005100124260003200175300001500207350000900222650001500231650002800246120416s1989 ||||||||||||||||| || u a0465091741 aJK 468.W54 Gla aGlazer, Myron Peretz14aThe whistle blowers aexposing corruption in government and industry aNew YorkbBasic Booksc1989 axvi, 286p. a0.00 aGOVERNMENT aGOVERNMENT-- CORRUPTION